000
00510nam a2200181Ia 4500
008
090124s9999 xx 000 0 und d
082
_b
121531
100
_a
व्ही.शांताराम
245
_a
शांतारामा
250
_a
3
260
_c
1986
300
_a
582
600
_a
व्ही.शांताराम
630
_a
शांतारामा
700
_a
व्ही.शांताराम
730
_a
शांतारामा
942
_c
BOOK
999
_c
167617
_d
167617